00529nam a2200169Ia 450000500170000000800410001702000150005808200130007310000190008624500280010526000380013330000130017150000570018494200060024195200970024799900150034420250616001223.0240331s9999 xx 000 0 und d a9559638505 bBALa322 aBalasuriya,A.S 0aTharathawadaye abhiyoga aMaharagamabJanaka printersc1998 a165 p ., aThe vision Strategies and its the way the pages look cL 001040708LaWERCLbWERCLcSSCd2024-03-31l0o 322.4 BALp2839r2024-03-31w2024-03-31yL c2369d2369